000 00638nam a2200217Ia 4500
005 20241129104125.0
008 241129s9999||||xx |||||||||||||| ||und||
020 _a9780691205717
037 _aTextual
040 _aRTL
_beng
_cRTL
041 _aeng
_2eng
084 _aX:(S:4) R1
_qRTL
100 _aGershman Samuel
_9724877
245 0 _aWhat makes us smart: The computational logic of human cognition
_cGershman Samuel
260 _aNew Jersey
_bPrinceton University Press
_c2021
300 _avii,205p.
365 _aINR
_b2903.25
650 _aCommerce
942 _cTB
_hX:(S:4) R1
999 _c1224517
_d1224517